000 00656nam a2200205 4500
001 140399
003 ES-MaACL
005 20240419153316.0
007 t|
008 070214s1973 sp r ||||1| spa d
100 1 _aSchwarz-Bart, André.
_9104885
245 1 3 _aLa mulata Soledad /
_cAndré Schwarz-Bart ; traducción del francés y nota final de Jacinto-Luis Guereña.
250 _a1ª. ed.
260 _aMadrid :
_bAguilar,
_c1973.
300 _a171 p. ;
_c20 cm.
700 0 _aGuereña, Jacinto Luis,
_d1915-2007
_960460
852 _aES-MaACL
_jA-7619
_bR.96504
852 _aES-MaACL
_jC-54262
_bR.87131
999 _c140399
_d140399